000 00428nam a22001577a 4500
003 OSt
008 260504b |||||||| |||| 00| 0 eng d
082 _a633.18
_bS48S
100 _aSingh, Nagendra Prasad
245 _aStudies on The Effect of Different Fertility Levels of Yield, Moisture use, Nutrient Uptake
260 _aPusa
_bRAU
_c1978
300 _a50P.
502 _bMsc.
_d1978
650 _aAgronomy
942 _2ddc
_cT
999 _c50407
_d50407